Ley, matrimonio y procesos matrimoniales en los Cd̤igos de la Iglesia Reflexiones en el centenario del CIC de 1917 /

Detalles Bibliográficos
Autor principal: Ruano Espina, Lourdes
Formato: eBook
Lenguaje:español
Publicado: Madrid: Dykinson, 2018
Materias:
Acceso en línea:Acceso restringido

MARC

LEADER 00000nam a22000007a 4500
005 20180511211650.0
007 cr|||| ||||
008 180511s2018 es |||||s|||| 00||0 spa d
020 |a 978-84-9148-563-6 
035 |a 21643 
040 |a vLex 
090 |c 7942  |d 7942 
100 1 |a Ruano Espina, Lourdes 
245 1 0 |a Ley, matrimonio y procesos matrimoniales en los Cd̤igos de la Iglesia  |h [Recurso electrn̤ico] :  |b Reflexiones en el centenario del CIC de 1917 /  |c Lourdes Ruano Espina 
256 |a Servicio en ln̕ea 
260 |a Madrid:  |b Dykinson,  |c 2018 
300 |a 1 recurso electrn̤ico 
506 1 |a Disponible solo en los productos indicados  |d vLex Global  |d vLex Global (Academic Edition, excluding Law Schools)  |d vLex Global (U.S. Academic Edition, Law Schools)  |d vLex Global (U.S. Academic Edition, excluding Law Schools)  |d vLex Global (Academic Edition, Law Schools) 
650 0 4 |a Derecho Civil  |z Espaą 
740 0 |a vLex Libros (Servicio en ln̕ea) 
856 4 0 |u http://vlex.com/source/ley-matrimonio-procesos-matrimoniales-codigos-iglesia-reflexiones-centenario-cic-1917-21643  |z Acceso restringido 
942 |c BOOK 
999 0 |a Civil Law